000 00313 a2200157 4500
001 183110
020 _a
040 _cMagnum
100 _aJong, Erica
240 1 0 _aMedo de voar
_lpor
245 1 0 _aMedo de voar
300 _a318
362 0 _a1973
697 _aLITERATURA GERAL ESTRANGEIRA
942 _cBK
999 _c183110
_d183110